| 000 | 00552nam a2200181Ia 4500 | ||
|---|---|---|---|
| 003 | IN-BaIIA | ||
| 008 | 211028s9999 xx 000 0 eng d | ||
| 020 | _a8018-1059-0 | ||
| 040 | _cIIA Library | ||
| 080 |
_a535.33 _bMCG |
||
| 100 |
_aMcGucken, William _97392 |
||
| 245 | 0 |
_aNineteenth-century spectroscopy _bdevelopment of the understanding of spectra 1802-1897 _cWilliam McGucken |
|
| 260 |
_aBaltimore _bThe Johns Hopkins University Press _c1969 |
||
| 300 | _axii, 233p. | ||
| 650 | _aNASA Thesaurus | ||
| 650 |
_aSpectroscopy _91535 |
||
| 942 | _cBK | ||
| 999 |
_c4206 _d4206 |
||